Rett Par Rakaye (रेत पर रेखाऎँ) (Record no. 9934)
[ view plain ]
| 000 -LEADER | |
|---|---|
| fixed length control field | 00362nam a22001337a 4500 |
| 003 - CONTROL NUMBER IDENTIFIER | |
| control field | OSt |
| 005 - DATE AND TIME OF LATEST TRANSACTION | |
| control field | 20240402154317.0 |
| 008 - FIXED-LENGTH DATA ELEMENTS--GENERAL INFORMATION | |
| fixed length control field | 240402b |||||||| |||| 00| 0 eng d |
| 040 ## - CATALOGING SOURCE | |
| Transcribing agency | Central Library MRSPTU |
| 100 ## - MAIN ENTRY--PERSONAL NAME | |
| Personal name | B.S. Rattan |
| 245 ## - TITLE STATEMENT | |
| Title | Rett Par Rakaye (रेत पर रेखाऎँ) |
| 260 ## - PUBLICATION, DISTRIBUTION, ETC. | |
| Place of publication, distribution, etc. | Patiala |
| Name of publisher, distributor, etc. | Batween Lineas |
| Date of publication, distribution, etc. | 2018 |
| 942 ## - ADDED ENTRY ELEMENTS (KOHA) | |
| Source of classification or shelving scheme | Dewey Decimal Classification |
| Koha item type | Book |
| Suppress in OPAC | No |
| Withdrawn status | Lost status | Source of classification or shelving scheme | Damaged status | Not for loan | Collection | Home library | Current library | Date acquired | Total checkouts | Barcode | Date last seen | Price effective from | Koha item type |
|---|---|---|---|---|---|---|---|---|---|---|---|---|---|
| Dewey Decimal Classification | BK | MRSPTU Central Library | MRSPTU Central Library | 04/02/2024 | G-96 | 04/02/2024 | 04/02/2024 | Book | |||||
| Dewey Decimal Classification | BK | MRSPTU Central Library | MRSPTU Central Library | 04/02/2024 | G-97 | 04/02/2024 | 04/02/2024 | Book |
